Activity Theory in Practice : Promoting Learning Across Boundaries and Agencies /

Aquí se presentan casos de aplicación de la herramienta teórico-metodológica CHAT (Teoría de la Actividad Histórico Cultural), utilizada en ambientes laborales, donde se evidencia la transformación de la práctica a través del intercambio de conocimientos, el aprendizaje colaborativo y la mejora del...

Ful tanımlama

Kaydedildi:
Detaylı Bibliyografya
Diğer Yazarlar: Daniels, Harry (edición) (edición)
Materyal Türü: Kitap
Dil:İngilizce
Baskı/Yayın Bilgisi: Londres, Inglaterra : Routledge, 2010, c2010
Konular:
Etiketler: Etiketle
Etiket eklenmemiş, İlk siz ekleyin!

MARC

LEADER 00000nam^a2200000^a^4500
001 000380624
005 20250521000000.0
009 20260310120614.684
020 |a 978-0-415-47725-3 
037 |a Acervo ITESO - Biblioteca 
041 |a ING 
082 |a 658. 3124  |b ACT 
245 1 0 |a Activity Theory in Practice :  |b Promoting Learning Across Boundaries and Agencies /  |c Ed. de H. Daniels... [et al.]. 
264 4 |a Londres, Inglaterra :  |b Routledge,  |c 2010, c2010 
300 |a XIII, 239 p. 
336 |a texto  |b txt  |2 rdacontenido 
337 |a sin mediación  |b n  |2 rdamedio 
338 |a volumen  |b nc  |2 rdasoporte 
520 |a Aquí se presentan casos de aplicación de la herramienta teórico-metodológica CHAT (Teoría de la Actividad Histórico Cultural), utilizada en ambientes laborales, donde se evidencia la transformación de la práctica a través del intercambio de conocimientos, el aprendizaje colaborativo y la mejora del trabajo en equipo. 
649 |a XX 
650 |a Conocimiento -  |x Administración 
650 |a Aprendizaje Colaborativo -  |x Tema Principal 
650 |a Trabajo en Equipo 
650 |a Teoría de la Acumulación 
650 |a Psicología Laboral 
650 |a Psicología Social 
650 |a Desarrollo Profesional -  |x Tema Principal 
650 |a Recursos Humanos 
650 |a Ciencias Administrativas 
700 |a Daniels, Harry  |e (edición) 
910 |a Fondo General 
920 |a Impresos - Libros 
930 |a Colección General 
905 |a 101 
901 |a 0500275372  |b IT1  |c ACC  |i C152087  |u 20250521 
902 |a https://opac.biblio.iteso.mx/vufind/Record/000380624